logo

Bir Sreshtho Munshi Abdur Rouf Library
Jhenaidah Cadet College

Al-mawrid : (Record no. 12774)

MARC details
000 -LEADER
fixed length control field 00575nam a2200217 a 4500
001 - CONTROL NUMBER
JCCL Control Number 12774
003 - CONTROL NUMBER IDENTIFIER
JCCL marc code BD-JhCC
005 - DATE AND TIME OF LATEST TRANSACTION
control field 20230511095651.0
008 - FIXED-LENGTH DATA ELEMENTS--GENERAL INFORMATION
fixed length control field 230511s2021 le |||| |||| 000 0 eng d
035 ## - SYSTEM CONTROL NUMBER
system control number (BD-JhCC)12774
040 ## - CATALOGING SOURCE
Original cataloging agency BD-JhCC
Modifying agency BD-JhCC
041 ## - LANGUAGE CODE
Language code of Book eng
082 ## - DEWEY DECIMAL CLASSIFICATION NUMBER
Classification number 492.7321
Author mark and Year BAA
100 ## - MAIN ENTRY--PERSONAL NAME
Personal name Baalbaki, Rohi
245 ## - TITLE STATEMENT
Title Al-mawrid :
Remainder of title a modern Arabic-English dictionary /
Statement of responsibility, etc Rohi Baalbaki
260 ## - PUBLICATION, DISTRIBUTION, ETC. (IMPRINT)
Place of publication, distribution, etc Lebanon :
Name of publisher, distributor, etc Dar El-ilm Lilmalayin,
300 ## - PHYSICAL DESCRIPTION
Pagination 1200 p. :
Dimensions 25 cm.
650 ## - SUBJECT ADDED ENTRY--TOPICAL TERM
Topical term or geographic name as entry element Arabic language
650 ## - SUBJECT ADDED ENTRY--TOPICAL TERM
Topical term or geographic name as entry element English language
942 ## - ADDED ENTRY ELEMENTS (KOHA)
Source of classification or shelving scheme Dewey Decimal Classification
Koha item type Books
Holdings
Source of classification or shelving scheme Damaged status Not for loan Home library Current library Shelving location Date of accession Cost, normal purchase price Total Checkouts Total Renewals Full call number Barcode Checked out Date last seen Date checked out Copy number Method of acquisition Koha item type Currency
Dewey Decimal Classification     JCC Rouf Library JCC Rouf Library General Stacks 05/11/2023 3300.00 2 1 492.7321 BAA 17095 05/29/2025 04/26/2025 04/26/2025 C-1 Purchase Books BDT

JCC Library | Contacts | JCC Home

Last Update on 23 September 2017
Copyright @ 2017-2020 JCC Rouf Library
Rouf Library, Jhenidah Cadet College (JCC), Bangladesh